| 000 | 00779nam a2200241 a 4500 | ||
|---|---|---|---|
| 008 | 970403s1996 m yxo ap r yy 0 slo c | ||
| 020 |
_a8022508241 _c0 |
||
| 040 |
_aSNK _bslo _cSNK _eAACR2 |
||
| 041 | 1 | _aslo | |
| 044 |
_axo _cSK |
||
| 080 | _a51(079.1) | ||
| 245 | 1 | 0 |
_aMatematika _bpodklady na prijímacie testy pre uchádzačov o štúdium _cFrantišek Peller ... [et al.] |
| 260 |
_aBratislava _bEkonóm _c1996 |
||
| 300 |
_a241 s. _btab. _c21 cm |
||
| 504 | _aBibliogr. s. 241 | ||
| 650 | 0 | 7 |
_amatematika _xskúšky prijímacie _xEkonomická univerzita (Bratislava, Slovensko) _xpríručky _2SNK |
| 700 | 1 |
_aPeller, František _4aut |
|
| 700 | 1 |
_aŠáner, Viliam _4aut |
|
| 700 | 1 |
_aEliáš, Jozef _4aut |
|
| 700 | 1 |
_aPinda, Ľudovít _4aut |
|
| 958 | _aAPP | ||
| 958 | _aAPR | ||
| 999 |
_c20512 _d20512 |
||